[Event "Belgrade-chTB Quality"]
[Site "Belgrade"]
[Date "2018.10.27"]
[Round "9.5"]
[White "Savic, Mihailo S"]
[Black "Milijanovic, Goran"]
[Result "1/2-1/2"]
[WhiteElo "2082"]
[BlackElo "2047"]
[PlyCount "99"]
[EventDate "2018.09.29"]
[EventType "team-tourn"]
[EventRounds "11"]
[EventCountry "SRB"]
[SourceTitle "CBM 187 Extra"]
[Source "ChessBase"]
[SourceDate "2018.11.04"]
[SourceVersion "1"]
[SourceVersionDate "2018.11.04"]
[SourceQuality "1"]
[WhiteTeam "Belgrade Lasta"]
[BlackTeam "Belgrade Turbina"]
[WhiteTeamCountry "SRB"]
[BlackTeamCountry "SRB"]

1. e4 b6 2. d4 Bb7 3. Nc3 e6 4. Nf3 d6 5. Bd3 Nd7 6. Bf4 h6 7. h4 g6 8. Qe2 a6 9. e5 d5 10. Nd1 c5 11. c3 Ne7 12. Ne3 Nc6 13. Ng4 Bg7 14. Qe3 Qe7 15. 0-0 h5 16. Bg5 cxd4 17. cxd4 Qb4 18. Nf6+ Nxf6 19. Bxf6 Bh6 20. Qe2 0-0 21. a3 Qb3 22. Kh1 Qa4 23. b4 a5 24. Bb5 Qb3 25. Rfb1 Qc3 26. Qd1 Na7 27. Rb3 Qc7 28. Be2 Rfc8 29. Ne1 Qd7 30. bxa5 bxa5 31. Bxh5 Ba6 32. Rg3 Kh7 33. Be2 Bxe2 34. Qxe2 Qb5 35. Nd3 Rc3 36. Rd1 Nc6 37. Qg4 Qa4 38. Nc5 Rxg3 39. fxg3 Qc2 40. Rf1 Rb8 41. h5 Rb2 42. hxg6+ Qxg6 43. Qh4 Rd2 44. Nd7 Qe4 45. Qh3 Nxd4 46. Bg5 Qxg2+ 47. Qxg2 Rxg2 48. Bxh6 Rxg3 49. Bf8 Nf3 50. Bc5 1/2-1/2

[Event "Belgrade-chTB Quality"]
[Site "Belgrade"]
[Date "2018.10.20"]
[Round "7.5"]
[White "Milosevic, Zeljko"]
[Black "Milijanovic, Goran"]
[Result "1/2-1/2"]
[WhiteElo "1823"]
[BlackElo "2047"]
[PlyCount "20"]
[EventDate "2018.09.29"]
[EventType "team-tourn"]
[EventRounds "11"]
[EventCountry "SRB"]
[SourceTitle "CBM 187 Extra"]
[Source "ChessBase"]
[SourceDate "2018.11.04"]
[SourceVersion "1"]
[SourceVersionDate "2018.11.04"]
[SourceQuality "1"]
[WhiteTeam "Belgrade Polet"]
[BlackTeam "Belgrade Turbina"]
[WhiteTeamCountry "SRB"]
[BlackTeamCountry "SRB"]

1. d4 Nf6 2. c4 e6 3. Nf3 d5 4. e3 Be7 5. Nc3 0-0 6. Bd3 c6 7. 0-0 Nbd7 8. b3 b6 9. Bb2 Bb7 10. Rc1 Rc8 1/2-1/2

[Event "Belgrade-chT"]
[Site "Belgrade"]
[Date "2017.05.14"]
[Round "5.4"]
[White "Milijanovic, Goran"]
[Black "Radulovic, Dusan"]
[Result "1/2-1/2"]
[WhiteElo "2089"]
[BlackElo "2012"]
[PlyCount "74"]
[EventDate "2017.05.10"]
[EventType "team-swiss"]
[EventRounds "5"]
[EventCountry "SRB"]
[SourceTitle "CBM 178 Extra"]
[Source "ChessBase"]
[SourceDate "2017.06.22"]
[SourceVersion "1"]
[SourceVersionDate "2017.06.22"]
[SourceQuality "1"]
[WhiteTeam "Vreoci Turbina"]
[BlackTeam "Belgrade Tehnicka Skola"]
[WhiteTeamCountry "SRB"]
[BlackTeamCountry "SRB"]

1. c4 e5 2. Nc3 Nf6 3. g3 g6 4. Bg2 Bg7 5. Nf3 d6 6. 0-0 0-0 7. d3 c6 8. Rb1 a5 9. a3 Re8 10. b4 axb4 11. axb4 d5 12. Nd2 Be6 13. Qc2 Nbd7 14. Bb2 Nb6 15. c5 Nbd7 16. e4 Nf8 17. Na4 N6d7 18. exd5 cxd5 19. Nc3 Nb8 20. Nb5 Nc6 21. Nd6 Re7 22. Qb3 b6 23. Bxd5 Bxd5 24. Qxd5 Nxb4 25. Qc4 bxc5 26. N2e4 Ne6 27. Nxf7 Kxf7 28. Ng5+ Kg8 29. Nxe6 Qd5 30. Qxd5 Nxd5 31. Nxc5 Rc8 32. Ne4 Rd7 33. Ba3 Nc3 34. Rb3 Ne2+ 35. Kg2 Rcd8 36. Rd1 h6 37. Nc5 Rf7 1/2-1/2

[Event "Belgrade-chT"]
[Site "Belgrade"]
[Date "2014.05.09"]
[Round "4"]
[White "Milijanovic, Goran"]
[Black "Cvetkovic, Srdjan"]
[Result "0-1"]
[WhiteElo "2072"]
[BlackElo "2329"]
[PlyCount "71"]
[EventDate "2014.05.05"]
[EventType "swiss"]
[EventRounds "5"]
[EventCountry "SRB"]
[SourceTitle "CBM 160 Extra"]
[Source "ChessBase"]
[SourceDate "2014.07.01"]
[SourceVersion "1"]
[SourceVersionDate "2014.07.01"]
[SourceQuality "1"]

1. Nf3 d5 2. b3 Bf5 3. Bb2 e6 4. e3 Nf6 5. h3 h6 6. Be2 Be7 7. 0-0 0-0 8. c4 Nbd7 9. d4 c6 10. Nc3 a5 11. Bd3 Bxd3 12. Qxd3 Qb6 13. Rab1 Qa6 14. Rfd1 Bb4 15. Ne2 a4 16. cxd5 Qxd3 17. Rxd3 cxd5 18. Bc3 Bxc3 19. Rxc3 axb3 20. axb3 Rfc8 21. Rxc8+ Rxc8 22. Rc1 Ra8 23. Nc3 Ra3 24. Nd2 g5 25. Kf1 Kg7 26. Ke2 h5 27. f3 g4 28. hxg4 hxg4 29. Kd3 Ra8 30. Rh1 Nf8 31. f4 Ng6 32. g3 Ne7 33. Ke2 Nf5 34. Kf2 Rc8 35. Rc1 Rh8 36. Nf1 0-1

[Event "Belgrade-ch"]
[Site "Belgrade"]
[Date "2014.01.26"]
[Round "4"]
[White "Cvetkovic, Srdjan"]
[Black "Milijanovic, Goran"]
[Result "1-0"]
[WhiteElo "2346"]
[BlackElo "2080"]
[PlyCount "67"]
[EventDate "2014.01.23"]
[EventType "swiss"]
[EventRounds "9"]
[EventCountry "SRB"]
[SourceTitle "CBM 158 Extra"]
[Source "ChessBase"]
[SourceDate "2014.02.28"]
[SourceVersion "1"]
[SourceVersionDate "2014.02.28"]
[SourceQuality "1"]

1. c4 g6 2. g3 Bg7 3. Bg2 d6 4. Nc3 Nc6 5. b3 e5 6. e3 Be6 7. Nge2 Qd7 8. Nd5 Nd8 9. d4 c6 10. Ndc3 Ne7 11. Ba3 Nc8 12. 0-0 exd4 13. Nxd4 0-0 14. Ne4 Re8 15. Rc1 Bh3 16. Bxh3 Qxh3 17. Nxd6 Nxd6 18. Bxd6 Ne6 19. Nxe6 Rxe6 20. Bb4 g5 21. Qf3 a5 22. Bc3 g4 23. Qg2 Qxg2+ 24. Kxg2 Bxc3 25. Rxc3 Rd8 26. c5 Re4 27. Rfc1 Rd2 28. R3c2 Rd5 29. Rc4 Rxc4 30. Rxc4 h5 31. e4 Rd2 32. Ra4 Re2 33. Kf1 Rd2 34. Rxa5 1-0

[Event "Belgrade Spring op"]
[Site "Belgrade"]
[Date "2013.03.22"]
[Round "3"]
[White "Jovanovic, Aleksandar D"]
[Black "Milijanovic, Goran"]
[Result "1/2-1/2"]
[WhiteElo "2214"]
[BlackElo "2102"]
[PlyCount "72"]
[EventDate "2013.03.20"]
[EventType "swiss"]
[EventRounds "9"]
[EventCountry "SRB"]
[SourceTitle "CBM 153 Extra"]
[Source "ChessBase"]
[SourceDate "2013.04.22"]
[SourceVersion "1"]
[SourceVersionDate "2013.04.22"]
[SourceQuality "1"]

1. d4 g6 2. e4 Bg7 3. Be3 d6 4. Bd3 b6 5. Nd2 Bb7 6. Ne2 Nd7 7. 0-0 c5 8. c3 Ngf6 9. Ng3 0-0 10. Qe2 e5 11. d5 Qc7 12. a4 Rfe8 13. a5 h5 14. f3 Rab8 15. a6 Bc8 16. Bb5 Re7 17. Nc4 Nf8 18. Na3 Bd7 19. Rfd1 N8h7 20. Bd3 Rf8 21. Nb5 Qb8 22. c4 Ne8 23. Qc2 h4 24. Nf1 f5 25. Bf2 h3 26. Ne3 f4 27. Ng4 hxg2 28. h3 Ng5 29. Kxg2 Bxg4 30. hxg4 Bf6 31. Rh1 Rff7 32. Qa4 Rh7 33. Nc3 Rxh1 34. Rxh1 Nc7 35. Bc2 Nf7 36. b4 Qe8 1/2-1/2

[Event "Belgrade Spring op"]
[Site "Belgrade"]
[Date "2012.03.26"]
[Round "3"]
[White "Stamenkovic, Aleksandar"]
[Black "Milijanovic, Goran"]
[Result "1-0"]
[WhiteElo "2288"]
[BlackElo "2160"]
[PlyCount "75"]
[EventDate "2012.03.24"]
[EventType "swiss"]
[EventRounds "9"]
[EventCountry "SRB"]
[SourceTitle "CBM 147 Extra"]
[Source "ChessBase"]
[SourceDate "2012.04.24"]
[SourceVersion "1"]
[SourceVersionDate "2012.04.24"]
[SourceQuality "1"]

1. d4 Nf6 2. Nf3 e6 3. c4 Bb4+ 4. Bd2 Qe7 5. g3 Bxd2+ 6. Qxd2 d6 7. Bg2 0-0 8. 0-0 Re8 9. Nc3 Nbd7 10. Rac1 c6 11. d5 exd5 12. cxd5 c5 13. e4 Rb8 14. Rfe1 b5 15. b3 b4 16. Na4 Qd8 17. Nh4 Nb6 18. Nb2 Nfd7 19. Nf5 Qf6 20. f4 Nf8 21. Ne3 h5 22. Nbc4 Ng6 23. Qb2 Qxb2 24. Nxb2 Ba6 25. Nf5 Rbd8 26. Bf3 Ne7 27. Nxe7+ Rxe7 28. e5 g6 29. Kf2 dxe5 30. Rxe5 Rc7 31. Nc4 Bxc4 32. bxc4 Kf8 33. f5 Nd7 34. Re3 Nf6 35. fxg6 fxg6 36. Re6 Kf7 37. Rce1 Re8 38. Rxf6+ 1-0

[Event "Belgrade-ch"]
[Site "Belgrade"]
[Date "2012.01.23"]
[Round "2"]
[White "Milijanovic, Goran"]
[Black "Cvetkovic, Srdjan"]
[Result "1/2-1/2"]
[WhiteElo "2158"]
[BlackElo "2395"]
[PlyCount "103"]
[EventDate "2012.01.22"]
[EventType "swiss"]
[EventRounds "9"]
[EventCountry "SRB"]
[SourceTitle "CBM 146 Extra"]
[Source "ChessBase"]
[SourceDate "2012.02.29"]
[SourceVersion "1"]
[SourceVersionDate "2012.02.29"]
[SourceQuality "1"]

1. Nf3 d5 2. b3 c5 3. e3 Nf6 4. Bb2 Nc6 5. Bb5 Bd7 6. 0-0 e6 7. d3 Be7 8. Bxc6 Bxc6 9. Ne5 Rc8 10. c4 0-0 11. Qe2 Qc7 12. Nxc6 Qxc6 13. Nd2 b5 14. Rac1 bxc4 15. dxc4 Qa6 16. Rc2 Rfd8 17. Nf3 Ne4 18. cxd5 Qxe2 19. Rxe2 Rxd5 20. g3 g5 21. Kg2 g4 22. Ne5 f5 23. Nc4 Rcd8 24. h4 Bf6 25. Bxf6 Nxf6 26. Rc1 Ne4 27. Nb2 Kf7 28. Rec2 Kf6 29. Nc4 h5 30. Kf1 Rd3 31. Nb2 Rd2 32. Nc4 Rxc2 33. Rxc2 Rd1+ 34. Ke2 Ra1 35. Nd2 Nxd2 36. Kxd2 Ke7 37. Kc3 Kd6 38. Kc4 Kc6 39. b4 cxb4 40. Kxb4+ Kb6 41. Kc4 Rd1 42. Re2 Kc6 43. Rb2 Rd5 44. Kc3 Kd6 45. Rb7 Ra5 46. Kb3 Ke5 47. Rb4 Rc5 48. Kb2 Kd5 49. Rd4+ Ke5 50. Rb4 Kd6 51. Ra4 Rc7 52. Ra5 1/2-1/2

[Event "Belgrade Spring op"]
[Site "Belgrade"]
[Date "2010.03.29"]
[Round "6"]
[White "Milijanovic, Goran"]
[Black "Bulatovic, Ilija"]
[Result "0-1"]
[WhiteElo "2143"]
[BlackElo "2012"]
[PlyCount "78"]
[EventDate "2010.03.23"]
[EventType "swiss"]
[EventRounds "9"]
[EventCountry "YUG"]
[SourceTitle "CBM 135 Extra"]
[Source "ChessBase"]
[SourceDate "2010.05.04"]
[SourceVersion "1"]
[SourceVersionDate "2010.05.04"]
[SourceQuality "1"]

1. Nf3 Nf6 2. b3 g6 3. Bb2 Bg7 4. e3 0-0 5. Be2 d6 6. c4 e5 7. 0-0 Nc6 8. Nc3 Ne8 9. d4 Bg4 10. dxe5 dxe5 11. Nd5 Nd6 12. Rc1 e4 13. Bxg7 Kxg7 14. Nd4 Bxe2 15. Nxe2 Re8 16. Rc2 Ne5 17. Rd2 Qc8 18. Nxc7 Qxc7 19. Rxd6 Rad8 20. Rxd8 Rxd8 21. Qa1 Kg8 22. Nf4 Qe7 23. Nd5 Qg5 24. h3 Rd6 25. Kh1 Re6 26. Qd4 Qf5 27. Nc7 Rb6 28. Qd8+ Kg7 29. Ne8+ Kh6 30. Qh4+ Qh5 31. Qxe4 Re6 32. Nc7 Rf6 33. Nd5 Re6 34. Nf4 Qh4 35. Qxb7 Rf6 36. g3 Qg5 37. Qe7 Qf5 38. Ng2 Qxh3+ 39. Kg1 Nf3# 0-1

[Event "Belgrade Spring op"]
[Site "Belgrade"]
[Date "2010.03.24"]
[Round "2"]
[White "Petrovic, Milan M"]
[Black "Milijanovic, Goran"]
[Result "1/2-1/2"]
[WhiteElo "1937"]
[BlackElo "2143"]
[PlyCount "106"]
[EventDate "2010.03.23"]
[EventType "swiss"]
[EventRounds "9"]
[EventCountry "YUG"]
[SourceTitle "CBM 135 Extra"]
[Source "ChessBase"]
[SourceDate "2010.05.04"]
[SourceVersion "1"]
[SourceVersionDate "2010.05.04"]
[SourceQuality "1"]

1. f4 b6 2. e4 Bb7 3. Nc3 e6 4. Nf3 d5 5. exd5 exd5 6. Bb5+ c6 7. Be2 Bd6 8. d4 Nf6 9. 0-0 0-0 10. Ne5 Nbd7 11. Qe1 c5 12. Nb5 Bb8 13. dxc5 bxc5 14. Nxd7 Qxd7 15. c4 a6 16. Na3 d4 17. Bf3 Re8 18. Qd1 Ne4 19. Bd2 Ba7 20. Nc2 Re7 21. Ne1 Nd6 22. Bxb7 Qxb7 23. Qb3 Ne4 24. Qc2 Rae8 25. Nf3 Nxd2 26. Qxd2 Re2 27. Rfe1 Qe4 28. Rxe2 Qxe2 29. Qxe2 Rxe2 30. Re1 Rxe1+ 31. Nxe1 Bb8 32. Nd3 Bd6 33. Kf2 f5 34. Kf3 Kf7 35. a3 a5 36. Nc1 a4 37. b3 d3 38. Nxd3 axb3 39. g3 g5 40. fxg5 Ke6 41. Ke2 Be7 42. h4 Bd6 43. Kf3 Ke7 44. h5 Be5 45. g4 fxg4+ 46. Kxg4 b2 47. Nxb2 Bxb2 48. a4 Bc3 49. Kf5 Kd6 50. g6 hxg6+ 51. hxg6 Kc6 52. Ke6 Kb6 53. Kd6 Bd4 1/2-1/2

[Event "Belgrade Trophy 21st"]
[Site "Obrenovac"]
[Date "2008.12.02"]
[Round "6"]
[White "Milijanovic, Goran"]
[Black "Carnic, Srdjan"]
[Result "0-1"]
[WhiteElo "2166"]
[BlackElo "2346"]
[PlyCount "110"]
[EventDate "2008.11.27"]
[EventType "swiss"]
[EventRounds "9"]
[EventCountry "YUG"]
[SourceTitle "CBM 127 Extra"]
[Source "ChessBase"]
[SourceDate "2009.01.08"]
[SourceVersion "2"]
[SourceVersionDate "2009.01.28"]
[SourceQuality "1"]

1. Nf3 c5 2. b3 e6 3. Bb2 Nf6 4. e3 Be7 5. Be2 0-0 6. 0-0 b6 7. c4 Bb7 8. Nc3 a6 9. d4 cxd4 10. Nxd4 Nc6 11. Nxc6 Bxc6 12. Bf3 Qc7 13. Qe2 Rfd8 14. Rfd1 Bd6 15. h3 Bh2+ 16. Kh1 Be5 17. Rac1 Bxf3 18. Qxf3 Rac8 19. Kg1 h6 20. Qe2 Qb7 21. Na4 Bxb2 22. Qxb2 d5 23. cxd5 Nxd5 24. Nc3 Nb4 25. Qe2 Qc7 26. a3 Rxd1+ 27. Qxd1 Rd8 28. Qe2 Nd5 29. Na2 Qe5 30. Rd1 a5 31. Qc2 Qb8 32. Qd3 Rc8 33. Rc1 Rxc1+ 34. Nxc1 Qe5 35. Qc2 b5 36. a4 bxa4 37. bxa4 Qa1 38. Kh2 Nb4 39. Qc8+ Kh7 40. Qc7 Qxa4 41. Ne2 Qc2 42. Qxa5 Nd3 43. Nf4 Nxf4 44. exf4 Qxf2 45. Qc7 Kg6 46. Qe5 Qc2 47. Qd4 Qe2 48. Kg3 f6 49. Qa4 Kf5 50. Qd4 e5 51. Qd7+ Kg6 52. f5+ Kh7 53. Kh2 Qf2 54. Kh1 e4 55. g4 Qg3 0-1

[Event "Belgrade Trophy 21st"]
[Site "Obrenovac"]
[Date "2008.11.30"]
[Round "4"]
[White "Milijanovic, Goran"]
[Black "Stojkovska, Monika"]
[Result "1/2-1/2"]
[WhiteElo "2166"]
[BlackElo "1865"]
[PlyCount "90"]
[EventDate "2008.11.27"]
[EventType "swiss"]
[EventRounds "9"]
[EventCountry "YUG"]
[SourceTitle "CBM 127 Extra"]
[Source "ChessBase"]
[SourceDate "2009.01.08"]
[SourceVersion "2"]
[SourceVersionDate "2009.01.28"]
[SourceQuality "1"]

1. c4 Nf6 2. Nc3 e6 3. g3 d5 4. d4 Nc6 5. Bg2 h6 6. Nf3 Bb4 7. 0-0 0-0 8. cxd5 exd5 9. Ne5 Ne7 10. Qb3 Bxc3 11. bxc3 c6 12. Ba3 Re8 13. e3 Qc7 14. c4 Be6 15. Rab1 Rab8 16. Bxe7 Qxe7 17. cxd5 Bxd5 18. Bxd5 Nxd5 19. Rfc1 Nb6 20. a4 Nd7 21. Nxd7 Qxd7 22. Qb4 Qd5 23. Qc5 Qxc5 24. Rxc5 Kf8 25. h4 g6 26. h5 gxh5 27. Rxh5 Kg7 28. Rc5 Kg6 29. Kf1 f5 30. Ke2 Kf6 31. Rh1 Kg6 32. Kd3 h5 33. Ke2 Rbd8 34. Kf3 Kf6 35. Rb1 Rd7 36. a5 Re6 37. Rb4 Kg6 38. Rb2 Kg5 39. Rb1 Kg6 40. Rbc1 Rdd6 41. Rb1 Rd7 42. Ke2 Kf6 43. Kd3 Red6 44. Kc4 Re6 45. Kd3 Red6 1/2-1/2

[Event "Belgrade Spring op"]
[Site "Belgrade"]
[Date "2008.04.01"]
[Round "8"]
[White "Cetkovic, Miodrag"]
[Black "Milijanovic, Goran"]
[Result "1-0"]
[WhiteElo "2252"]
[BlackElo "2166"]
[PlyCount "71"]
[EventDate "2008.03.25"]
[EventType "swiss"]
[EventRounds "9"]
[EventCountry "YUG"]
[SourceTitle "CBM 123 Extra"]
[Source "ChessBase"]
[SourceDate "2008.05.06"]
[SourceVersion "1"]
[SourceVersionDate "2008.05.06"]
[SourceQuality "1"]

1. e4 d6 2. d4 Nf6 3. Nc3 g6 4. f4 Bg7 5. Nf3 0-0 6. e5 dxe5 7. fxe5 Nd5 8. Ne4 Bf5 9. Ng3 Bg4 10. Be2 c5 11. c3 Nc6 12. dxc5 Nc7 13. Qa4 Bxf3 14. Bxf3 Nxe5 15. 0-0 Nxf3+ 16. Rxf3 Qd5 17. Be3 Ne6 18. Rd1 Qe5 19. Bd4 Nxd4 20. cxd4 Qd5 21. Ne2 Rfd8 22. Rfd3 Qe4 23. Nc3 Qe6 24. d5 Qe5 25. Qc4 Rac8 26. b4 Bh6 27. g3 a6 28. a4 Kg7 29. Kg2 Rd7 30. c6 bxc6 31. dxc6 Rxd3 32. Rxd3 Rc7 33. b5 axb5 34. axb5 Be3 35. Qd5 Qxd5+ 36. Nxd5 1-0

[Event "Belgrade Spring op"]
[Site "Belgrade"]
[Date "2008.03.30"]
[Round "6"]
[White "Jovic, Branko"]
[Black "Milijanovic, Goran"]
[Result "0-1"]
[WhiteElo "1766"]
[BlackElo "2166"]
[PlyCount "64"]
[EventDate "2008.03.25"]
[EventType "swiss"]
[EventRounds "9"]
[EventCountry "YUG"]
[SourceTitle "CBM 123 Extra"]
[Source "ChessBase"]
[SourceDate "2008.05.06"]
[SourceVersion "1"]
[SourceVersionDate "2008.05.06"]
[SourceQuality "1"]

1. e4 d6 2. d4 Nf6 3. Nc3 g6 4. f4 Bg7 5. Nf3 0-0 6. Bd3 Na6 7. Be3 c5 8. 0-0 cxd4 9. Bxd4 Nb4 10. a3 Nc6 11. Be3 Ng4 12. Qd2 Qa5 13. Nd1 Nxe3 14. Qxe3 Be6 15. c3 Qc5 16. Bc2 Bh6 17. Nd4 Nxd4 18. Qxd4 Qxd4+ 19. cxd4 Bg7 20. e5 dxe5 21. dxe5 f6 22. f5 Bxf5 23. Bxf5 gxf5 24. Rxf5 fxe5 25. Rxf8+ Rxf8 26. Rc1 e4 27. Nc3 Bd4+ 28. Kh1 e3 29. Re1 e6 30. a4 Rf2 31. Nd1 Rd2 32. h3 e2 0-1

[Event "Belgrade Spring op"]
[Site "Belgrade"]
[Date "2008.03.25"]
[Round "1"]
[White "Milijanovic, Goran"]
[Black "Simic, Stefan"]
[Result "1-0"]
[WhiteElo "2166"]
[BlackElo "1796"]
[PlyCount "89"]
[EventDate "2008.03.25"]
[EventType "swiss"]
[EventRounds "9"]
[EventCountry "YUG"]
[SourceTitle "CBM 123 Extra"]
[Source "ChessBase"]
[SourceDate "2008.05.06"]
[SourceVersion "1"]
[SourceVersionDate "2008.05.06"]
[SourceQuality "1"]

1. c4 Nf6 2. Nc3 e5 3. g3 Bc5 4. Bg2 c6 5. Nf3 e4 6. Ng5 d5 7. d4 exd3 8. Qxd3 0-0 9. cxd5 Re8 10. 0-0 h6 11. Nge4 Nxe4 12. Nxe4 Bf8 13. dxc6 Nxc6 14. Qxd8 Rxd8 15. Be3 Nb4 16. Rad1 Be6 17. a3 Nc6 18. b4 Bc4 19. Nc3 a6 20. Bb6 Rd6 21. Rxd6 Bxd6 22. Rc1 Be5 23. e3 Rc8 24. Bh3 Be6 25. Bxe6 fxe6 26. Na4 Bc7 27. Bxc7 Rxc7 28. Nb6 Rf7 29. f4 e5 30. Rc5 exf4 31. gxf4 Rf6 32. Nd5 Rf8 33. Kg2 Re8 34. Kf3 Ne7 35. Nxe7+ Rxe7 36. a4 Kf7 37. b5 axb5 38. axb5 Ke8 39. e4 Kd7 40. h4 Re6 41. Rd5+ Kc7 42. e5 b6 43. Kg4 g6 44. h5 gxh5+ 45. Kxh5 1-0

[Event "Belgrade Winter op"]
[Site "Belgrade"]
[Date "2006.01.27"]
[Round "7"]
[White "Katic, Goran"]
[Black "Milijanovic, Goran"]
[Result "1-0"]
[WhiteElo "2064"]
[BlackElo "2175"]
[PlyCount "37"]
[EventDate "2006.01.21"]
[EventType "swiss"]
[EventRounds "9"]
[EventCountry "YUG"]
[SourceTitle "CBM 110 Extra"]
[Source "ChessBase"]
[SourceDate "2006.03.10"]
[SourceVersion "2"]
[SourceVersionDate "2006.03.10"]
[SourceQuality "1"]

1. e4 c5 2. c3 d5 3. exd5 Qxd5 4. d4 Nf6 5. Nf3 Bg4 6. Qa4+ Bd7 7. Qb3 cxd4 8. Bc4 Qe4+ 9. Kf1 e6 10. Nbd2 Qc6 11. Nxd4 Qc7 12. Nb5 Qc8 13. Nf3 a6 14. Nbd4 Bd6 15. Bg5 b5 16. Bd3 Ra7 17. Re1 h6 18. Nf5 Qc7 19. Nxg7+ 1-0

[Event "Belgrade Winter op"]
[Site "Belgrade"]
[Date "2006.01.23"]
[Round "3"]
[White "Milijanovic, Goran"]
[Black "Nenezic, Zoran"]
[Result "1-0"]
[WhiteElo "2175"]
[BlackElo "1892"]
[PlyCount "61"]
[EventDate "2006.01.21"]
[EventType "swiss"]
[EventRounds "9"]
[EventCountry "YUG"]
[SourceTitle "CBM 110 Extra"]
[Source "ChessBase"]
[SourceDate "2006.03.10"]
[SourceVersion "2"]
[SourceVersionDate "2006.03.10"]
[SourceQuality "1"]

1. c4 Nf6 2. Nc3 e6 3. Nf3 d5 4. cxd5 exd5 5. d4 Be7 6. g3 0-0 7. Bg2 c6 8. 0-0 Bf5 9. Qb3 Qc8 10. Bf4 Ne4 11. Rac1 Nxc3 12. bxc3 Be4 13. c4 Nd7 14. Bh3 f5 15. Nd2 dxc4 16. Nxc4 Bd5 17. Qc2 Be4 18. Qd2 h6 19. f3 Bd5 20. Qc2 b5 21. Ne3 g6 22. Nxd5 cxd5 23. Qb3 Qb7 24. Rc7 Qb6 25. Qxd5+ Kh8 26. Rxd7 Bf6 27. Rc1 Rad8 28. Be5 Rxd7 29. Bxf6+ Qxf6 30. Qxd7 Rd8 31. Rc8 1-0

[Event "Belgrade Winter op"]
[Site "Belgrade"]
[Date "2006.01.22"]
[Round "2"]
[White "Jovanovic, Zoran"]
[Black "Milijanovic, Goran"]
[Result "1-0"]
[WhiteElo "2291"]
[BlackElo "2175"]
[PlyCount "57"]
[EventDate "2006.01.21"]
[EventType "swiss"]
[EventRounds "9"]
[EventCountry "YUG"]
[SourceTitle "CBM 110 Extra"]
[Source "ChessBase"]
[SourceDate "2006.03.10"]
[SourceVersion "2"]
[SourceVersionDate "2006.03.10"]
[SourceQuality "1"]

1. d4 Nf6 2. c4 g6 3. Nc3 d5 4. Nf3 Bg7 5. Bf4 0-0 6. e3 c5 7. dxc5 Qa5 8. Rc1 dxc4 9. Bxc4 Qxc5 10. Bb3 Bg4 11. 0-0 Qh5 12. Nd5 Nxd5 13. Bxd5 Nc6 14. h3 Rad8 15. Bxf7+ Rxf7 16. hxg4 Rxd1 17. gxh5 Rxf1+ 18. Kxf1 gxh5 19. b3 Rf5 20. Ke2 Rb5 21. Nd2 Kf7 22. Ne4 Bf6 23. Rc4 Rf5 24. Bg3 a6 25. a4 Na5 26. Rc7 Kg6 27. b4 Nb3 28. Nxf6 exf6 29. Rc3 1-0

[Event "YUG-chT"]
[Site "Vrnjacka Banja"]
[Date "1996.??.??"]
[Round "?"]
[White "Markovic, Ivan"]
[Black "Milijanovic, Goran"]
[Result "1-0"]
[WhiteElo "2415"]
[BlackElo "2185"]
[PlyCount "83"]
[EventDate "1996.??.??"]
[EventType "team"]
[EventRounds "11"]
[EventCountry "YUG"]
[SourceTitle "EXT 2000"]
[Source "ChessBase"]
[SourceDate "1999.11.16"]
[SourceVersion "1"]
[SourceVersionDate "1999.11.16"]
[SourceQuality "1"]

1. e4 c6 2. d4 d5 3. e5 Bf5 4. Nf3 e6 5. Be2 Nd7 6. 0-0 Ne7 7. Nh4 Bg6 8. Nd2 Nf5 9. Nxg6 hxg6 10. Nf3 Be7 11. g3 Qb6 12. c3 a5 13. a4 c5 14. Bb5 Qc7 15. Bf4 Kf8 16. b3 Nb6 17. dxc5 Bxc5 18. Rc1 Qe7 19. Re1 Rc8 20. Rc2 Nh6 21. h3 Nf5 22. Kg2 Kg8 23. Qe2 Qc7 24. b4 Be7 25. bxa5 Nc4 26. a6 bxa6 27. Bxa6 Ra8 28. Bxc4 Qxc4 29. Qxc4 dxc4 30. Rd1 Ra7 31. g4 Nh6 32. Be3 Rb7 33. Rcd2 Kh7 34. Rd7 Rhb8 35. a5 Bf8 36. Rxb7 Rxb7 37. a6 Rb8 38. a7 Ra8 39. Rd7 Kg8 40. Nd2 f6 41. Nxc4 Nf7 42. Nb6 1-0